000 01411nam a2200325 i 4500
001 19574
003 ES-MaACL
005 20250806053931.0
007 t|
008 021004s1950 sp ||||1| spa d
100 1 _aAbderhalden, Emil,
_d1877-1950
_918014
245 1 0 _aVitaminas y vitaminoterapia
_b: investigación y clínica /
_cProf. Dr. E. Abderhalden, Prof. Dr. G. Mouriguand ; prólogo del Dr. T. Gordonoff ; versión española por los Doctores Octavio López Orejón y F. Ladrón de Guevara.
250 _a1ª ed.
260 _aMadrid :
_bMorata,
_c1950 (
_fF. Martínez)
300 _a455 p., 27 lám. ;
_c22 cm.
490 1 _aTratado de terapeútica ;
_v1
510 _aCCPB,
_c001344212-0
650 7 _aMedicina clínica
_2embne
_914921
650 4 _917836
_aVitaminas
700 1 _aMouriguand, G.
_983901
700 1 _aGordonoff, T.
_959171
700 1 _aLópez Orejón, Octavio.
_973844
700 1 _aLadrón de Guevara, F.
_969446
830 0 _aTratado de terapeútica ;
_v1
_9186697
852 _aES-MaACL
_jD-6312
_bR.30441
_bR.M.5907
_920182
_cSVI
_fSello en tinta azul de la Biblioteca del Ateneo de Madrid
_gAnotaciones manuscritas en cubierta: "No" ; "18"
_zEn cubierta: "11.DIC.1950"
942 _2udc
_cMONOGRAFIA
999 _c19574
_d19574